000 00405nam a22001697a 4500
005 20180517142726.0
008 160627b xxu||||| |||| 00| 0 eng d
020 _a81-203-2255-X
041 _aeng
082 _b10291
_a351
100 _aHenrry, Nicholas
_94283
245 _aPublic Administration and Public Affairs
260 _bPHI
_c2004
300 _a422
650 _aManagement
_9241
942 _cBK
999 _c4234
_d4233